| 000 | 00877nam a2200217Ia 4500 | ||
|---|---|---|---|
| 999 |
_c38300 _d38300 |
||
| 001 | 4310 | ||
| 003 | GE_BSU | ||
| 005 | 20191007105442.0 | ||
| 008 | 181216s2001||||ge |||||||||||||| ||geo|| | ||
| 020 | _a9992884029 | ||
| 040 | _cGE_BSU | ||
| 041 | _ageo | ||
| 080 | _a341.231.14 ფ-12 | ||
| 100 |
_aფაფიაშვილი, ლალი _94554 |
||
| 245 | _aროგორ მივმართოთ ადამიანის უფლებათა დაცვის ევროპულ სასამართლოს. | ||
| 264 |
_aთბილისი : _bლეგა, _c2001. |
||
| 300 |
_a143 გვ. ; _b20 სმ. |
||
| 653 | _aადამიანის უფლებები; | ||
| 653 | _aადამიანის უფლებათა დაცვის ევროპული სასამართლო; | ||
| 942 |
_cBK _2udc |
||